Open Data Biblioteca Nacional de Portugal


República Portuguesa: Ministério da Cultura
Biblioteca Nacional de Portugal

Catálogo da BNP: acesso por Identificadores Unívocos
Registos Bibliográficos associados ao registo de autoridade

Etiqueta de registo: 00254nam 2200025 450
001 2286367
003 http://id.bnportugal.gov.pt/bib/catbnp/2286367
100 ## $a20260515d2025 k y0pory01030103ba
101 0# $aeng$dpor
102 ## $aPT
105 ## $ay m 001yy
106 ## $ar
200 1# $aWhen actions don't lead to results$e the puzzle of non-culmination$fZichen Zhang$gorient. António Leal, Juliana Novo Gomes
210 #9 $aPorto$c[s.n.],$d2025
215 ## $a444 p.$d30 cm
328 #1 $aTese dout. Ciências da Linguagem, Faculdade de Letras da Universidade do Porto, 2025
675 ## $a811.134.3'367(043)$vBN$zpor$3567511
700 #0 $aZichen,$bZhang$31998520
702 #1 $aLeal,$bAntonio$4727$31498532
702 #1 $aGomes,$bJuliana Novo$4727$31998521
801 #0 $aPT$bBN$gRPC
966 ## $lBN$mFGMON$sL. 182202 V.$x1
971 ## $cisantos$d20260515
972 ## $e0$z0$d20260625$vasantos
973 ## $cigoulao$d20260623

OpendataBNP@bnportugal.pt | Mais informação sobre acesso aos dados BNP